03304cam a22003858i 450000100090000000300050000900500170001400800410003101000170007202000310008903500130012004000290013304200080016205000220017008200220019210000290021424500820024326300090032526400560033430000470039033600260043733700280046333800270049150400510051850506260056952012580119565000170245365000330247065000340250377601490253790600450268694200450273195201250277699900170290121749362CSPC20250807141511.0201013s2021 enk b 001 0 eng  a 2020046164 a9780367563233q(paperback) a21749362 aDLCbengerdacDLCdCSPC apcc00aNA2794b.H47 202100a729.28bH452v2231 aHeschong, Lisa,eauthor.10aVisual delight in architecture :bdaylight, vision and view /cLisa Heschong. a2103 1aAbingdon, Oxon ;aNew York, NY :bRoutledge,c2021. axiii, 397 pages :billustrations ;c24 cm. atextbtxt2rdacontent aunmediatedbn2rdamedia avolumebnc2rdacarrier aIncludes bibliographical references and index.0 aIntroduction -- Part 1: Prediction -- Planetary rhythms -- Chronobiology and human health -- The evolving and aging eye -- The predictive brain -- Attention and insight -- Part 2: Perception -- Learning to see -- patterns of daylight illumination -- Designing with daylight -- Elements of view -- Part 3: Motivation -- Daylighting education -- Selling daylight -- Enduring urban forms -- The value of view -- Working with daylight -- Healing daylight -- Part 4: Meaning -- Iconic daylight and views -- Visions of nature -- Biophilia and technophilia -- Synthesis and next steps -- Conclusion: the case for visual delight. a"Visual Delight in Architecture examines the many ways that our lives are enriched by the presence of natural daylight illumination and window views within our buildings. It makes the case that appropriately timed exposure to daylight is essential to our health and well-being, tied to the very genetic foundations of our physiology and cognitive function. It then goes on to help the reader appreciate the subtlety, beauty and pleasures of well-daylit spaces and attractive window views, and how these are woven into the fabric of our daily sensory experiences, and determined by the design of our buildings, cities, and cultural perspectives. The book is written to engage and challenge a variety of readers, including all forms of building and urban designers, plus anyone interested in human health and wellbeing, from medical researchers to the occupants of all types of buildings. Examples range in detail from common everyday experiences to the latest findings in cognitive research. An important goal of the book is integration across perspectives, such as helping designers to become more comfortable with the scientific basis of their work, and scientists more curious about the design implications of their research"--cProvided by publisher. 0aDaylighting. 0aArchitecturexHuman factors. 0aArchitecturexHealth aspects.08iOnline version:aHeschong, Lisa.tVisual delight in architecturedAbingdon, Oxon ; New York : Routledge, [2021]z9781003097594w(DLC) 2020046165 a7bcbccorignewd1eecipf20gy-gencatlg 2ddccBKe23h729.28iH452vkENGm2021n0 00102ddc4070aCSPCbCSPCcENGd2025-08-07l0oENG 729.28 H452v 2021p029878r2025-08-07 14:15:52t1-1w2025-08-07yBK c29933d29933